1996 1150 1087 1496 1223 1557 1290 1181 1575 1972 1273 1406 1592 1797 1568 1752 1082 1912 1424 1806 1827 1014 1491 1308 1530 1030 1052 1645 1191 1531 1512 1323 1186 1765 1642 1257 1934 1585 1469 1491 1171 1803 1959 1867 1890 1909 1681 1997 1467 1477 1331 1577 1006 1689 1053 1474 1701 1448 1726 1808 1713 1016 1949 1261 1773 1523 1473 1368 1261 1956 1236 1539 1708 1596 1302 1047 1120 1410 1077 1483 1410 1955 1105 1362 1379 1681 1748 1552 1207 1888 1552 1525 2000 1740 1606 1928 1228 1898 1204 BCNSPRNW ULIB Ver.6.0+V

เปลี่ยนเป็นภาษาไทย

Change to English
 แสดงรายละเอียดบรรณานุกรม
  กลับหน้าหลัก

Brief Record : Get Marc (ISO 2709) : E-mail record : QR code < ปิดหน้าต่าง
LEADER : 00000nam 2200000uu 4500
001    13399107689
003     ULIB
008    110121s2553th 000 0 tha d
020    9789746725040
060 04 WY157.6^bม293ก
100 0  มรรยาท ณ นคร
245 10 การพยาบาลผู้ป่วยกระดูกหักที่ได้รับการยึดตรึงด้วยวัสดุภายในร่างกาย /^cมรรยาท ณ นคร
250    พิมพ์ครั้งที่ 3
260    เชียงใหม่ :^bโครงการตำรา คณะพยาบาลศาสตร์มหาวิทยาลัยเชียงใหม่,^c2553
300    ก-ณ, 138 หน้า :^bภาพประกอบ ;^c27 ซม.
650  7 การตรึงกระดูกหัก
650  7 กระดูกหัก^xการพยาบาล
650  7 กระดูกหักแบบเปิด
650  7 การพยาบาลออร์โธปิดิคส์
710 2  มหาวิทยาลัยเชียงใหม่. ^bคณะพยาบาลศาสตร์
945    ^p200^l0^i029391
945    ^p200^l0^i029390
945    ^p200^l0^i029389
945    ^p200^l0^i029388
945    ^p200^l0^i029386
945    ^p200^l0^i029385
945    ^p200^l0^i004303
945    ^p200^l0^i029387
945    ^p200^l0^i031136
945    ^p200^l0^i031137
945    ^p200^l0^i031138
995    เกษร
999 ^a ใช้งานได้ทุกระบบ
รายการนี้ยังไม่มีแท็ก
คุณยังไม่ได้ล็อกอิน คุณสามารถมีกิจกรรมร่วมกับเว็บไซต์ได้ แต่ต้องล็อกอินก่อน ::
  ล็อกอิน

รายการสื่อสารสนเทศ

ลำดับที่ ประเภท เลขเรียก/บาร์โค้ด สถานที่ สถานะ
1. วิทยาศาสตร์การแพทย์ และสุขภาพ
หนังสือสำรอง
สถานะ=หนังสือสำรอง
WY157.6 ม293ก ฉ.1 
  Barcode: 029385
ห้องสมุดวิทยาเขตสวรรค์ประชารักษ์
►ส่วนจัดเก็บหนังสือเก่า สปร
บนชั้น
  ขอยืม
2. วิทยาศาสตร์การแพทย์ และสุขภาพ
วิทยาศาสตร์การแพทย์ และสุขภาพ
WY157.6 ม293ก ฉ.10 
  Barcode: 031138
ห้องสมุดวิทยาเขตสวรรค์ประชารักษ์
►ส่วนจัดเก็บหนังสือเก่า สปร
บนชั้น
  ขอยืม
3. วิทยาศาสตร์การแพทย์ และสุขภาพ
วิทยาศาสตร์การแพทย์ และสุขภาพ
WY157.6 ม293ก ฉ.11 
  Barcode: 004303
ห้องสมุดวิทยาเขตสวรรค์ประชารักษ์
►ส่วนจัดเก็บหนังสือเก่า สปร
บนชั้น
  ขอยืม
4. วิทยาศาสตร์การแพทย์ และสุขภาพ
วิทยาศาสตร์การแพทย์ และสุขภาพ
WY157.6 ม293ก ฉ.2 
  Barcode: 029386
ห้องสมุดวิทยาเขตสวรรค์ประชารักษ์
►ส่วนจัดเก็บหนังสือเก่า สปร
บนชั้น
  ขอยืม
5. วิทยาศาสตร์การแพทย์ และสุขภาพ
วิทยาศาสตร์การแพทย์ และสุขภาพ
WY157.6 ม293ก ฉ.3 
  Barcode: 029387
ห้องสมุดวิทยาเขตสวรรค์ประชารักษ์
►ส่วนจัดเก็บหนังสือเก่า สปร
บนชั้น
  ขอยืม
6. วิทยาศาสตร์การแพทย์ และสุขภาพ
วิทยาศาสตร์การแพทย์ และสุขภาพ
WY157.6 ม293ก ฉ.4 
  Barcode: 029388
ห้องสมุดวิทยาเขตสวรรค์ประชารักษ์
►ส่วนจัดเก็บหนังสือเก่า สปร
บนชั้น
  ขอยืม
7. วิทยาศาสตร์การแพทย์ และสุขภาพ
วิทยาศาสตร์การแพทย์ และสุขภาพ
WY157.6 ม293ก ฉ.5 
  Barcode: 029389
ห้องสมุดวิทยาเขตสวรรค์ประชารักษ์
►ส่วนจัดเก็บหนังสือเก่า สปร
บนชั้น
  ขอยืม
8. วิทยาศาสตร์การแพทย์ และสุขภาพ
วิทยาศาสตร์การแพทย์ และสุขภาพ
WY157.6 ม293ก ฉ.6 
  Barcode: 029390
ห้องสมุดวิทยาเขตสวรรค์ประชารักษ์
►ส่วนจัดเก็บหนังสือเก่า สปร
บนชั้น
  ขอยืม
9. วิทยาศาสตร์การแพทย์ และสุขภาพ
วิทยาศาสตร์การแพทย์ และสุขภาพ
WY157.6 ม293ก ฉ.7 
  Barcode: 029391
ห้องสมุดวิทยาเขตสวรรค์ประชารักษ์
►ส่วนจัดเก็บหนังสือเก่า สปร
บนชั้น
  ขอยืม
10. วิทยาศาสตร์การแพทย์ และสุขภาพ
วิทยาศาสตร์การแพทย์ และสุขภาพ
WY157.6 ม293ก ฉ.8 
  Barcode: 031136
ห้องสมุดวิทยาเขตสวรรค์ประชารักษ์
►ส่วนจัดเก็บหนังสือเก่า สปร
บนชั้น
  ขอยืม
11. วิทยาศาสตร์การแพทย์ และสุขภาพ
วิทยาศาสตร์การแพทย์ และสุขภาพ
WY157.6 ม293ก ฉ.9 
  Barcode: 031137
ห้องสมุดวิทยาเขตสวรรค์ประชารักษ์
►ส่วนจัดเก็บหนังสือเก่า สปร
บนชั้น
  ขอยืม

รายการใกล้เคียง
    ผู้แต่ง [มรรยาท ณ นคร]

    หัวเรื่อง [การตรึงกระดูกหัก]
    หัวเรื่อง [กระดูกหักแบบเปิด]
    หัวเรื่อง [การพยาบาลออร์โธปิดิคส์]

BibComment


ยังไม่เคยถูกคอมเมนท์

คอมเมนท์ทรัพยากรรายการนี้
  คอมเมนท์: การพยาบาลผู้ป่วยก..


 Copyright 2026. Bcnsprnw @Library